| 000 | 00408 a2200157 4500 | ||
|---|---|---|---|
| 999 |
_c5665 _d5665 |
||
| 020 | _a9780750654616 | ||
| 050 | 0 | 0 | _aTJ 213.95 BOL 2002 |
| 100 | 1 |
_aBolton, W. _eauthor |
|
| 245 | 1 | 0 |
_aControl systems / _cW. Bolton |
| 264 |
_aOxford: _bNewnes, _c2002 |
||
| 300 |
_a181 p. : _bill. ; |
||
| 500 | _aIncludes index | ||
| 504 | _aIncludes index | ||
| 650 | 0 | _aAutomatic control. | |
| 942 |
_2lcc _cBK _h213.95 _iBOL _kTJ |
||